| 000 | 00783nam a22002537a 4500 | ||
|---|---|---|---|
| 005 | 20170123162343.0 | ||
| 010 | _aA-998797 | ||
| 020 |
_c200.00 _a8187666005 |
||
| 035 | _aA-998797 | ||
| 037 | _bCen Lib/Ret | ||
| 040 |
_aDPL _bUR |
||
| 082 |
_aن _bچ غ ت |
||
| 100 |
_aچغتائی، عصمت _9399 |
||
| 245 |
_aایک قطرہ خون / _cعصمت چغتائی |
||
| 246 |
_aEk qatrae khoon / _bby Ismat Chughtai |
||
| 260 |
_aدہلی _bکتابی دنیا _c2000 |
||
| 270 |
_bدہلی _a١٩٥٥، کاشمیری گیٹ _e110006 |
||
| 300 |
_a332p. _c21cm(Hb) |
||
| 650 |
_aادب -- اردو _9129428 |
||
| 650 |
_aاردو ناول _9129429 |
||
| 650 |
_aLiterature -- Urdu _9129430 |
||
| 650 |
_aUrdu novel _9129431 |
||
| 942 |
_2ddc _cUR _hن _mچ غ ت |
||
| 999 |
_c108652 _d108652 |
||